| 000 | 01147nam a22002897a 4500 | ||
|---|---|---|---|
| 005 | 2011111502242.0 | ||
| 008 | 111115t xxu||||| |||| 00| 0 eng d | ||
| 010 | _aENG-104109 | ||
| 020 |
_a9780071333665 _c450.00 |
||
| 035 | _aEN-87642 | ||
| 037 | _bDBAD/PUB | ||
| 040 |
_aDPL _bEng |
||
| 082 | _a302.35095 | ||
| 100 | _935823 | ||
| 245 |
_aOrganisational behaviour : _cby Thomas Kalliath...[et al] _ba psychological perspective for the Asia-Pacific / |
||
| 260 |
_aNew Delhi _bTata McGraw Hill _c2011 |
||
| 270 |
_a7 West Patel Nagar _bNew Delhi _e110008 |
||
| 300 |
_axxiv,463p. _c25cm (pbk) |
||
| 500 | _aIncludes bibliographical references and index | ||
| 650 |
_aOrganisational behaviour _935824 _zAsia |
||
| 650 |
_aOrganisational behaviour _zPacific Area _935828 |
||
| 650 |
_aPsychology,Industrial _zAsia _935829 |
||
| 650 |
_aPsychology,Industrial _zPacific Area _935830 |
||
| 700 |
_aKalliath, Thomas _935825 |
||
| 942 |
_2ddc _cEN _h302.35095 _mORG |
||
| 999 |
_c58383 _d58383 |
||